000 003780000a22001450004500
003 MACL
040 _aMACL
090 _c5048
_d5047
100 _aVashishth C P
245 _aLibrary & Information Services In India : Assessment And Effectiveness
260 _bIndian Library Association
_c1989
350 _a250
650 _aLibrary And Information Science
942 _cBOOK
_k020
999 _c5010
_d5010